000
00302nam a22001337a 4500
008
181221b xxu||||| |||| 00| 0 eng d
020
_a
9780534400248
041
_a
eng
080
_2
10th
_a
510
100
_a
36
101
_a
MAT
245
_a
The Nature of Mathematics
_c
Watnik,S.M
942
_2
udc
_c
BK
999
_c
53688
_d
53688